| 000 | 00350 a2200145 4500 | ||
|---|---|---|---|
| 999 |
_c321111 _d321111 |
||
| 001 | 86038 | ||
| 003 | NUST | ||
| 005 | 20180124095618.0 | ||
| 008 | 180122b xxu||||| |||| 00| 0 eng d | ||
| 082 | _a297.63 NAU | ||
| 100 |
_aAllama Shibli Numani _99409 |
||
| 245 |
_aSeerat Ul Nabi (Vol-I) _hUrdu |
||
| 260 |
_aLahore _bCombine Printers _c2010 |
||
| 300 | _a365p. | ||
| 500 | _aPAF Book Club | ||
| 505 | _aAHQ Books | ||
| 942 |
_aNUST-CAE _k297.63 NAU _cBK _2ddc |
||